000 01604nam0a2200337 i 4500
001 RU\NLR\bibl\1974026
005 20241114173253.0
010 _a9785769553417
_91200
021 _aRU
_b2012-87498
_96474
035 _a(NLR Aleph) 001962826
090 _a3849011
_c3849011
100 _a20121203d2013 u y0rusy50 ca
101 0 _arus
102 _aRU
105 _aa |||||||||
200 1 _aОсновы материаловедения швейного производства
_eучебник
_eдля использования в учебном процессе образовательных учреждений, реализующих программы начального профессионального образования по профессии "Портной"
_fК.А Гурович
210 _aМосква
_cАкадемия
_d2013 [т.е. 2012]
215 _a206,[1] с.
_cцв. ил.
_d22
225 1 _aНачальное профессиональное образование
_iПортной
225 1 _aУчебник
320 _aБиблиогр.: с. 204
606 _aШвейное производство
_jУчебники для начального профессионального образования
_xМатериалы
_91317132
_3RU\NLR\auth\66230702
686 _aМ4-3я722-1
700 1 _aГурович
_bК. А.
_gКлара Аркадьевна
_4070
801 0 _aRU
_bNLR
_c20121203
_gRCR
801 1 _aRU
_bNLR
_c20121203
830 _aавт. по кн.
830 _aавт7 по кн.
942 _cBOOK
980 _aNBR